Logistické centrá - moderná koncepcia realizácie materiálnych tokov diplomová práca

Gespeichert in:
Bibliographische Detailangaben
1. Verfasser: Ivanco, Milan
Körperschaft: Podnikovohospodárska fakulta EU so sídlom v Košiciach. Katedra obchodného podnikania
Weitere Verfasser: Daneshjo, Naqibullah, 1964-
Format: Buch
Sprache:Slowakisch
Veröffentlicht: Košice 2015
Tags: Tag hinzufügen
Keine Tags, Fügen Sie das erste Tag hinzu!

MARC

LEADER 00000nbm a2200000 4500
001 0202357
005 20161212094631.1
041 0 |a slo 
044 |a SK 
245 1 0 |a Logistické centrá - moderná koncepcia realizácie materiálnych tokov  |b diplomová práca  |c Milan Ivanco ; školiteľ: Naqibullah Daneshjo 
264 1 |a Košice  |c 2015 
300 |a 71 s. 
100 1 |a Ivanco, Milan 
700 1 |a Daneshjo, Naqibullah, 1964- 
710 2 |a Podnikovohospodárska fakulta EU so sídlom v Košiciach. Katedra obchodného podnikania